Farm labor in the United States /

Bibliographic Details
Main Author: Bishop, Charles E.
Corporate Author: United States. Office of Manpower Policy, Evaluation, and Research
Format: Book
Language:English
Published: New York : Columbia University Press, 1967.
Subjects:

MARC

Tag First Indicator Second Indicator Subfields
LEADER 00000cam a22000001 4500
001 in00000218445
005 20151009083159.0
008 740625s1967 nyua b 10010 eng
010 |a  66028037  
035 |a (OCoLC)00230370 
035 |9 AAZ9130AM 
040 |a DLC  |c DLC  |d TXA  |d UtOrBLW 
043 |a n-us--- 
049 |a TXAM  |c 1 [9104602]  |c 2 [467987] 
050 0 0 |a HD1525  |b .B5 
082 0 |a 331.7/63/0973 
100 1 |a Bishop, Charles E. 
245 1 0 |a Farm labor in the United States /  |c edited by C. E. Bishop. 
264 1 |a New York :  |b Columbia University Press,  |c 1967. 
300 |a vi, 143 pages :  |b illustrations ;  |c 24 cm. 
336 |a text  |b txt  |2 rdacontent 
337 |a unmediated  |b n  |2 rdamedia 
338 |a volume  |b nc  |2 rdacarrier 
500 |a Papers of a conference on farm manpower sponsored by the Office of Manpower Policy, Evaluation, and Research, United States Dept. of Labor and held in Washington, D.C., Oct. 28-29, 1965. 
504 |a Bibliographical footnotes. 
650 0 |a Agricultural laborers  |z United States. 
710 1 |a United States.  |b Office of Manpower Policy, Evaluation, and Research. 
999 |a MARS 
999 f f |s a162a882-6467-38ba-a04c-e5f607392b9b  |i 19a194b1-073f-3a51-aca7-0ad2139cb368  |t 0 
952 f f |p normal  |a Texas A&M University  |b College Station  |c Sterling C. Evans Library  |d Evans: Library Stacks  |t 0  |e HD1525 .B5  |h Library of Congress classification  |i unmediated -- volume  |m A14802657135 
952 f f |p normal  |a Texas A&M University  |b College Station  |c Sterling C. Evans Library  |d Evans: Library Stacks  |t 0  |e HD1525 .B5  |h Library of Congress classification  |i unmediated -- volume  |m A14802657143 
998 f f |a HD1525 .B5  |t 0  |l Evans: Library Stacks 
998 f f |a HD1525 .B5  |t 0  |l Evans: Library Stacks